[Event "CZE-chT U18 Extraliga Ost 1819"]
[Site "Czech Republic"]
[Date "2018.10.07"]
[Round "4.1"]
[White "Demko, Robert"]
[Black "Riha, Vojtech"]
[Result "0-1"]
[WhiteElo "2020"]
[BlackElo "2174"]
[PlyCount "70"]
[EventDate "2018.10.05"]
[EventType "team-tourn"]
[EventRounds "11"]
[EventCountry "CZE"]
[SourceTitle "EXT 2023"]
[Source "ChessBase"]
[SourceDate "2022.10.05"]
[SourceVersion "1"]
[SourceVersionDate "2022.10.05"]
[SourceQuality "1"]
[WhiteTeam "Frydek Mistek Interchess (U18)"]
[BlackTeam "Polabiny (U18)"]
[WhiteTeamCountry "CZE"]
[BlackTeamCountry "CZE"]

1. d4 Nf6 2. c4 c5 3. d5 e6 4. Nc3 exd5 5. cxd5 d6 6. e4 g6 7. Nf3 Bg4 8. Be2 Bxf3 9. Bxf3 Bg7 10. 0-0 0-0 11. Bg5 a6 12. a4 Nbd7 13. g3 Re8 14. Bg2 Rb8 15. Qd2 Qc7 16. f4 h6 17. Bh4 b5 18. axb5 axb5 19. Qc2 b4 20. Nd1 c4 21. Kh1 b3 22. Qb1 Nc5 23. Nc3 Ng4 24. Qe1 Bd4 25. Nd1 Nd3 26. Qe2 Nxb2 27. Qxg4 Nd3 28. Ra6 b2 29. Nxb2 Rxb2 30. Rc6 Qa5 31. Rxd6 Qd2 32. Rxg6+ fxg6 33. Qxg6+ Bg7 34. Qxe8+ Kh7 35. e5 Qxg2# 0-1

[Event "CZE-chT U18 Extraliga Ost 1819"]
[Site "Czech Republic"]
[Date "2018.10.07"]
[Round "3.1"]
[White "Vorisek, Jakub"]
[Black "Demko, Robert"]
[Result "1-0"]
[WhiteElo "2056"]
[BlackElo "2020"]
[PlyCount "97"]
[EventDate "2018.10.05"]
[EventType "team-tourn"]
[EventRounds "11"]
[EventCountry "CZE"]
[SourceTitle "EXT 2023"]
[Source "ChessBase"]
[SourceDate "2022.10.05"]
[SourceVersion "1"]
[SourceVersionDate "2022.10.05"]
[SourceQuality "1"]
[WhiteTeam "Vlasim (U18)"]
[BlackTeam "Frydek Mistek Interchess (U18)"]
[WhiteTeamCountry "CZE"]
[BlackTeamCountry "CZE"]

1. e4 c5 2. Nf3 d6 3. d4 cxd4 4. Nxd4 Nf6 5. Nc3 a6 6. Bg5 e6 7. f4 h6 8. Bh4 Qb6 9. Qd2 Qxb2 10. Rb1 Qa3 11. Bxf6 gxf6 12. f5 Nc6 13. fxe6 fxe6 14. Nxc6 bxc6 15. Be2 Qc5 16. Na4 Qg5 17. Qxg5 hxg5 18. 0-0 Kf7 19. Nb6 Rb8 20. Nxc8 Rxc8 21. Bxa6 Ra8 22. Rb6 c5 23. c4 Be7 24. Rfb1 Rh4 25. g3 Rhh8 26. a4 f5 27. exf5 exf5 28. Bb5 Rhb8 29. Rxb8 Rxb8 30. a5 Ra8 31. a6 Bd8 32. Ra1 Ke6 33. Bc6 Ra7 34. Re1+ Kf6 35. Bb7 g4 36. Kf1 Kf7 37. Ke2 Kg6 38. Kd3 Kg5 39. Re2 f4 40. gxf4+ Kxf4 41. Kc2 Bc7 42. Kb3 g3 43. hxg3+ Kxg3 44. Ka4 Kf4 45. Kb5 d5 46. cxd5 c4 47. Kxc4 Be5 48. Kb5 Kf5 49. Rxe5+ 1-0

[Event "CZE-ch U14"]
[Site "Kouty nad Desnou"]
[Date "2017.03.13"]
[Round "3"]
[White "Demko, Robert"]
[Black "Vorisek, Jakub"]
[Result "0-1"]
[WhiteElo "1805"]
[BlackElo "1967"]
[PlyCount "124"]
[EventDate "2017.03.11"]
[EventType "swiss"]
[EventRounds "9"]
[EventCountry "CZE"]
[SourceTitle "CBM 177 Extra"]
[Source "ChessBase"]
[SourceDate "2017.04.27"]
[SourceVersion "1"]
[SourceVersionDate "2017.04.27"]
[SourceQuality "1"]

1. d4 d5 2. c4 e6 3. Nf3 c5 4. g3 Nc6 5. dxc5 Bxc5 6. cxd5 exd5 7. Bg2 Nge7 8. 0-0 0-0 9. Qc2 b6 10. a3 Bf5 11. Qb3 Rc8 12. Rd1 Na5 13. Qb5 Bc2 14. Rd2 Bb3 15. Nc3 a6 16. Qd3 Bc4 17. Qb1 Nb3 18. Rd1 Nxa1 19. Qxa1 Bb3 20. Rd3 d4 21. Qb1 Ng6 22. Ne4 Bc4 23. Rd2 Re8 24. b4 Bf8 25. Rxd4 Qc7 26. e3 Bb5 27. Bb2 Qc2 28. Nc3 Qxb1+ 29. Nxb1 Rc2 30. Rd2 Rec8 31. h4 Rxd2 32. Nbxd2 a5 33. bxa5 bxa5 34. Nd4 Bd3 35. a4 Bb4 36. N2f3 Bc2 37. Bh3 Rc7 38. Nxc2 Rxc2 39. Bd4 Ne7 40. Bd7 Nd5 41. Ne5 Bc3 42. Bxc3 Rxc3 43. Bb5 Nc7 44. Bd7 Rc5 45. Nf3 Kf8 46. Nd4 Ke7 47. Bf5 Ne6 48. Nxe6 fxe6 49. Bd3 Rc3 50. Bb5 e5 51. e4 Kd6 52. Kg2 Kc5 53. f4 Kd4 54. fxe5 Kxe5 55. Kh3 Kxe4 56. Kg4 h5+ 57. Kxh5 Rxg3 58. Bd7 Ke5 59. Bg4 Kf6 60. Bd7 Rg2 61. Bc6 g6+ 62. Kh6 Rh2 0-1

[Event "Orlova op 13th"]
[Site "Orlova"]
[Date "2016.05.22"]
[Round "2"]
[White "Demko, Robert"]
[Black "Panek, Bartosz"]
[Result "1-0"]
[WhiteElo "1705"]
[BlackElo "1473"]
[PlyCount "70"]
[EventDate "2016.05.21"]
[EventType "swiss"]
[EventRounds "9"]
[EventCountry "CZE"]
[SourceTitle "EXT 2017"]
[Source "ChessBase"]
[SourceDate "2016.10.25"]
[SourceVersion "1"]
[SourceVersionDate "2016.10.25"]
[SourceQuality "1"]

1. d4 Nf6 2. c4 g6 3. Nc3 d5 4. cxd5 Nxd5 5. e4 Nb6 6. Nf3 Bg7 7. h3 0-0 8. Be2 f5 9. e5 Be6 10. 0-0 Nc6 11. Bf4 Nb4 12. Ng5 Qd7 13. Nxe6 Qxe6 14. Bf3 c6 15. Na4 Nxa4 16. Qxa4 Nd5 17. Bd2 Rfd8 18. Bc3 g5 19. Rad1 Qg6 20. Rfe1 h5 21. g3 g4 22. hxg4 hxg4 23. Bg2 Qh5 24. Qb3 Rab8 25. Bb4 Kf7 26. Rc1 e6 27. Bd6 Rh8 28. Bxb8 f4 29. Qxb7+ Kg6 30. Be4+ Kh6 31. Rxc6 fxg3 32. Rxe6+ Bf6 33. fxg3 Kg5 34. Rxf6 Qh2+ 35. Kf1 Rh7 1-0

[Event "Vsetin op 40th"]
[Site "Vsetin"]
[Date "2015.07.10"]
[Round "8"]
[White "Havelka, Petr"]
[Black "Demko, Robert"]
[Result "1/2-1/2"]
[WhiteElo "1823"]
[BlackElo "1644"]
[PlyCount "39"]
[EventDate "2015.07.04"]
[EventType "swiss"]
[EventRounds "9"]
[EventCountry "CZE"]
[SourceTitle "CBM 167 Extra"]
[Source "ChessBase"]
[SourceDate "2015.09.14"]
[SourceVersion "1"]
[SourceVersionDate "2015.09.14"]
[SourceQuality "1"]

1. d4 d5 2. c4 dxc4 3. Nf3 Nf6 4. e3 e6 5. Bxc4 c5 6. 0-0 Be7 7. Nc3 0-0 8. b3 Nc6 9. dxc5 Bxc5 10. Bb2 b6 11. Qe2 Bb7 12. Rfd1 Qe7 13. Na4 Ba3 14. Ba6 Bxb2 15. Bxb7 Bxa1 16. Bxa8 Rxa8 17. Rxa1 Rd8 18. Rd1 Rxd1+ 19. Qxd1 Qd7 20. Qxd7 1/2-1/2

[Event "Vsetin op 40th"]
[Site "Vsetin"]
[Date "2015.07.09"]
[Round "7"]
[White "Demko, Robert"]
[Black "Husek, Martin"]
[Result "0-1"]
[WhiteElo "1644"]
[BlackElo "1900"]
[PlyCount "128"]
[EventDate "2015.07.04"]
[EventType "swiss"]
[EventRounds "9"]
[EventCountry "CZE"]
[SourceTitle "CBM 167 Extra"]
[Source "ChessBase"]
[SourceDate "2015.09.14"]
[SourceVersion "1"]
[SourceVersionDate "2015.09.14"]
[SourceQuality "1"]

1. d4 Nf6 2. c4 e6 3. Nc3 Bb4 4. Qc2 c5 5. e3 cxd4 6. exd4 d5 7. Nf3 0-0 8. Be2 dxc4 9. Bxc4 a6 10. 0-0 Nbd7 11. Bg5 h6 12. Bh4 b5 13. Bb3 Bb7 14. Ne5 Be7 15. f4 Rc8 16. Qd3 Nxe5 17. fxe5 Nd7 18. Bxe7 Qxe7 19. Ne4 Bxe4 20. Qxe4 Nb6 21. Rac1 Qd7 22. Bc2 g6 23. Qh4 Kh7 24. Bb3 a5 25. a3 a4 26. Ba2 Rxc1 27. Rxc1 Rd8 28. Rd1 Nd5 29. Qf2 Kg7 30. Rf1 Qc7 31. Qd2 Ne7 32. Bb1 Qxe5 33. Qxh6+ Kxh6 34. dxe5 Kg7 35. Be4 Rd4 36. Bb7 Nd5 37. Bc6 b4 38. Be8 Nf4 39. g3 Nh3+ 40. Kg2 Ng5 41. h4 Kf8 42. Bxa4 bxa3 43. Bc6 Rd2+ 44. Kh1 Rxb2 45. hxg5 a2 46. Be4 Ke7 47. Rd1 Re2 48. Bd3 Rxe5 49. Bc4 Rxg5 50. Kg2 Rc5 51. Be2 Rc2 52. Kf3 e5 53. Bd3 Rc3 54. Kf2 Rxd3 55. Ra1 Ra3 56. Ke1 e4 57. Kd1 f5 58. Kc1 Ke6 59. Kb2 Ra8 60. Kc3 Ke5 61. Kd2 Rh8 62. Ke3 g5 63. Kf2 Rh2+ 64. Kg1 Rb2 0-1

[Event "Vsetin op 40th"]
[Site "Vsetin"]
[Date "2015.07.08"]
[Round "6"]
[White "Matejovsky, Ondrej"]
[Black "Demko, Robert"]
[Result "1-0"]
[WhiteElo "1968"]
[BlackElo "1644"]
[PlyCount "85"]
[EventDate "2015.07.04"]
[EventType "swiss"]
[EventRounds "9"]
[EventCountry "CZE"]
[SourceTitle "CBM 167 Extra"]
[Source "ChessBase"]
[SourceDate "2015.09.14"]
[SourceVersion "1"]
[SourceVersionDate "2015.09.14"]
[SourceQuality "1"]

1. e4 c5 2. b3 d6 3. Bb2 Nf6 4. Bb5+ Bd7 5. Qe2 a6 6. Bxd7+ Nbxd7 7. f4 e6 8. Nc3 Be7 9. e5 dxe5 10. fxe5 Nd5 11. Nxd5 exd5 12. e6 Nf6 13. exf7+ Kxf7 14. Nf3 Rf8 15. Ng5+ Kg8 16. Ne6 Qd7 17. Nxf8 Rxf8 18. 0-0 Re8 19. Qf3 d4 20. Rae1 Rf8 21. Qf5 Qxf5 22. Rxf5 Bd6 23. Re6 Rd8 24. h3 Kf7 25. Re2 Kg6 26. Rf1 Kf7 27. c4 a5 28. d3 h6 29. Bc1 g5 30. h4 Rg8 31. hxg5 hxg5 32. Rf5 g4 33. Bg5 Rg6 34. Bf4 Bxf4 35. Rxf4 b6 36. Kf2 Rh6 37. Re5 Kg6 38. Re6 Kg5 39. g3 Rg6 40. Kg2 Rh6 41. Rxb6 Nh5 42. Rxg4+ Kxg4 43. Rxh6 1-0

[Event "Vsetin op 40th"]
[Site "Vsetin"]
[Date "2015.07.06"]
[Round "3"]
[White "Demko, Robert"]
[Black "Horyna, Josef"]
[Result "1/2-1/2"]
[WhiteElo "1644"]
[BlackElo "1833"]
[PlyCount "91"]
[EventDate "2015.07.04"]
[EventType "swiss"]
[EventRounds "9"]
[EventCountry "CZE"]
[SourceTitle "CBM 167 Extra"]
[Source "ChessBase"]
[SourceDate "2015.09.14"]
[SourceVersion "1"]
[SourceVersionDate "2015.09.14"]
[SourceQuality "1"]

1. d4 Nf6 2. c4 e6 3. Nc3 d5 4. cxd5 exd5 5. Bg5 Be7 6. e3 0-0 7. Bd3 h6 8. Bh4 c6 9. Nge2 Nbd7 10. 0-0 Ne4 11. Bxe7 Qxe7 12. Bxe4 dxe4 13. Qc2 Nf6 14. Ng3 Re8 15. Rfd1 Bg4 16. Rd2 Rad8 17. h3 Bc8 18. Rad1 Qe6 19. Nge2 Qf5 20. b4 g5 21. Ng3 Qg6 22. d5 Nxd5 23. Nxd5 Rxd5 24. Rxd5 cxd5 25. Rxd5 Be6 26. Rd4 Rc8 27. Qxe4 Qxe4 28. Nxe4 Bxa2 29. Rd7 Rc4 30. Nd6 Rxb4 31. Rxb7 Rxb7 32. Nxb7 Kf8 33. Nc5 Ke7 34. Kf1 Kd6 35. Ne4+ Ke5 36. Nc3 Bc4+ 37. Ke1 f5 38. g3 f4 39. exf4+ gxf4 40. g4 Kd4 41. Kd2 a5 42. h4 Be6 43. g5 hxg5 44. hxg5 Bf7 45. Ne2+ Ke4 46. Nxf4 1/2-1/2

[Event "Vsetin op 40th"]
[Site "Vsetin"]
[Date "2015.07.06"]
[Round "4"]
[White "Holman, Radek"]
[Black "Demko, Robert"]
[Result "0-1"]
[WhiteElo "1912"]
[BlackElo "1644"]
[PlyCount "146"]
[EventDate "2015.07.04"]
[EventType "swiss"]
[EventRounds "9"]
[EventCountry "CZE"]
[SourceTitle "CBM 167 Extra"]
[Source "ChessBase"]
[SourceDate "2015.09.14"]
[SourceVersion "1"]
[SourceVersionDate "2015.09.14"]
[SourceQuality "1"]

1. Nf3 d5 2. g3 Nf6 3. Bg2 g6 4. d4 Bg7 5. c3 0-0 6. 0-0 b6 7. Nbd2 Bb7 8. b3 Nbd7 9. Bb2 Ne4 10. Qc2 f5 11. e3 Rc8 12. Rac1 e6 13. Ne1 Ndf6 14. f3 Nd6 15. Nd3 Nd7 16. Nf2 e5 17. Rfe1 e4 18. c4 c6 19. Qb1 Qe7 20. Qa1 Rfe8 21. a4 Bh6 22. fxe4 Nxe4 23. Ndxe4 fxe4 24. Ng4 Bg7 25. Rf1 Qg5 26. Bh3 Red8 27. Rf4 Qe7 28. Rcf1 Rf8 29. Ne5 Nxe5 30. dxe5 Rxf4 31. exf4 Rf8 32. cxd5 cxd5 33. Ba3 Qe8 34. Bxf8 Bxf8 35. Rc1 Bc5+ 36. Kh1 e3 37. Bg2 Qe7 38. Qc3 d4 39. Qc4+ Kg7 40. Bd5 Qd7 41. Bg2 Bxg2+ 42. Kxg2 d3 43. b4 e2 44. bxc5 d2 45. e6 Qc6+ 46. Kf2 d1Q 47. Qc3+ Kh6 48. Qe3 e1Q+ 49. Qxe1 Qxe1+ 50. Rxe1 Qxc5+ 51. Kf3 Qe7 52. g4 Kg7 53. f5 gxf5 54. gxf5 Kf6 55. Kf4 Qb4+ 56. Re4 Qd2+ 57. Kf3 Qxh2 58. e7 Qh1+ 59. Kf4 Qxe4+ 60. Kxe4 Kxe7 61. Ke5 h5 62. f6+ Kf7 63. Kf5 h4 64. Kg4 Kxf6 65. Kxh4 Ke5 66. Kg3 Kd4 67. Kf3 Kc4 68. a5 b5 69. a6 Kd3 70. Kf4 b4 71. Ke5 b3 72. Kd5 b2 73. Kc6 b1Q 0-1

[Event "Vsetin op 40th"]
[Site "Vsetin"]
[Date "2015.07.04"]
[Round "1"]
[White "Demko, Robert"]
[Black "Hradecky, Ivo"]
[Result "0-1"]
[WhiteElo "1644"]
[BlackElo "2028"]
[PlyCount "98"]
[EventDate "2015.07.04"]
[EventType "swiss"]
[EventRounds "9"]
[EventCountry "CZE"]
[SourceTitle "CBM 167 Extra"]
[Source "ChessBase"]
[SourceDate "2015.09.14"]
[SourceVersion "1"]
[SourceVersionDate "2015.09.14"]
[SourceQuality "1"]

1. d4 Nf6 2. c4 c5 3. d5 e6 4. f3 exd5 5. cxd5 d6 6. e4 g6 7. Bc4 Bg7 8. Ne2 0-0 9. 0-0 a6 10. Nbc3 b5 11. Bb3 Nbd7 12. a4 c4 13. axb5 cxb3 14. Be3 Bb7 15. Qxb3 Qc7 16. Rfc1 Nc5 17. Qc2 Rfe8 18. b6 Qc8 19. b4 Ncd7 20. Qb3 Qd8 21. b5 a5 22. Na4 Qe7 23. Ra3 Rec8 24. Rc7 Rab8 25. Nd4 Nxd5 26. Rxb7 Nxe3 27. Rxb8 Nxb8 28. Qxe3 Bxd4 29. Qxd4 Rc1+ 30. Kf2 Qh4+ 31. Ke3 Qg5+ 32. f4 Qxg2 33. Nc3 Qb2 34. Qxd6 Rxc3+ 35. Rxc3 Qxc3+ 36. Ke2 Qc2+ 37. Ke3 Qc3+ 38. Kf2 Qc2+ 39. Kf3 Qc8 40. Kg3 Nd7 41. Qc7 Qxc7 42. bxc7 Nb6 43. Kf3 a4 44. Ke3 a3 45. Kd4 a2 46. Kc5 Nc8 47. Kc6 a1Q 48. Kb7 Nd6+ 49. Kb8 Qa5 0-1

[Event "Orlova op-A 12th"]
[Site "Orlova"]
[Date "2015.05.30"]
[Round "8"]
[White "Demko, Robert"]
[Black "Zielinski, Andrzej1111"]
[Result "1-0"]
[WhiteElo "1604"]
[BlackElo "1828"]
[PlyCount "103"]
[EventDate "2015.05.24"]
[EventType "swiss"]
[EventRounds "9"]
[EventCountry "CZE"]
[SourceTitle "CBM 166 Extra"]
[Source "ChessBase"]
[SourceDate "2015.06.18"]
[SourceVersion "1"]
[SourceVersionDate "2015.06.18"]
[SourceQuality "1"]

1. d4 d5 2. c4 e6 3. Nc3 Nf6 4. cxd5 exd5 5. Bg5 Be7 6. e3 h6 7. Bh4 Nbd7 8. Bd3 c6 9. Qc2 g5 10. Bg3 Nh5 11. Nge2 Nxg3 12. hxg3 Nb6 13. 0-0-0 Be6 14. f3 a5 15. e4 a4 16. Kb1 a3 17. b3 Nc4 18. Bxc4 dxc4 19. d5 cxb3 20. Qxb3 cxd5 21. Nxd5 Kf8 22. Qc3 Rg8 23. Nc7 Qb8 24. Nxa8 Qxa8 25. Nd4 Qc8 26. Qxc8+ Bxc8 27. Rxh6 Kg7 28. Rb6 Rd8 29. Rb3 Kf6 30. Rbd3 Rd6 31. Kc2 Bd7 32. Rxa3 Rb6 33. Rad3 Ba4+ 34. Nb3 Bb5 35. Rd5 Ba3 36. Rf5+ Kg6 37. Rdd5 Rc6+ 38. Kd1 Ba4 39. Rxg5+ Kh6 40. Rgf5 Kg7 41. Ra5 b5 42. Ra7 Rd6+ 43. Ke2 Rf6 44. Rxf6 Kxf6 45. Rd7 Bf8 46. Rd5 b4 47. Nd4 Ke7 48. Ra5 Bd7 49. Ra8 Bg7 50. Nf5+ Bxf5 51. exf5 Bd4 52. Rb8 1-0

[Event "Orlova op-A 12th"]
[Site "Orlova"]
[Date "2015.05.29"]
[Round "6"]
[White "Sulkowski, Dawid"]
[Black "Demko, Robert"]
[Result "0-1"]
[WhiteElo "1238"]
[BlackElo "1604"]
[PlyCount "113"]
[EventDate "2015.05.24"]
[EventType "swiss"]
[EventRounds "9"]
[EventCountry "CZE"]
[SourceTitle "CBM 166 Extra"]
[Source "ChessBase"]
[SourceDate "2015.06.18"]
[SourceVersion "1"]
[SourceVersionDate "2015.06.18"]
[SourceQuality "1"]

1. e4 c5 2. Nf3 d6 3. d4 cxd4 4. Nxd4 Nf6 5. Nc3 a6 6. Bc4 e6 7. Bg5 Be7 8. Qd3 0-0 9. 0-0-0 Nbd7 10. f3 Nc5 11. Qe2 Nfxe4 12. Nxe4 Bxg5+ 13. Nxg5 Qxg5+ 14. Kb1 b5 15. Bd3 Bb7 16. Qf2 b4 17. h4 Qd8 18. g4 Qb6 19. Nb3 a5 20. h5 a4 21. Nxc5 dxc5 22. g5 b3 23. a3 bxc2+ 24. Bxc2 Rfb8 25. Rh2 Kh8 26. Bd3 Bd5 27. Rg1 Qb3 28. Qc2 Qxa3 29. h6 Qa2+ 30. Kc1 Qa1+ 31. Qb1 Qxb1+ 32. Bxb1 g6 33. f4 Rb3 34. Rc2 c4 35. Ba2 Rb4 36. Rg3 Kg8 37. Rgc3 Rc8 38. b3 axb3 39. Bxb3 Be4 40. Rb2 Rcb8 41. Rxc4 Kf8 42. Rxb4 Rxb4 43. Bc2 Rc4 44. Kd2 Bxc2 45. Rxc2 Rxf4 46. Rc8+ Ke7 47. Rh8 Rf5 48. Rxh7 Rxg5 49. Rh8 Rh5 50. Ke3 Kf6 51. Kf4 g5+ 52. Kg4 Rh4+ 53. Kg3 Kg6 54. Rg8+ Kxh6 55. Rh8+ Kg7 56. Rxh4 gxh4+ 57. Kxh4 0-1

[Event "CZE-ch U20 sf"]
[Site "Frydek Mistek"]
[Date "2014.11.22"]
[Round "9"]
[White "Gregor, Jiri1111"]
[Black "Demko, Robert"]
[Result "1/2-1/2"]
[WhiteElo "1687"]
[BlackElo "1610"]
[PlyCount "76"]
[EventDate "2014.11.16"]
[EventType "swiss"]
[EventRounds "9"]
[EventCountry "CZE"]
[SourceTitle "CBM 163 Extra"]
[Source "ChessBase"]
[SourceDate "2014.12.23"]
[SourceVersion "1"]
[SourceVersionDate "2014.12.23"]
[SourceQuality "1"]

1. e4 c5 2. Nf3 d6 3. Nc3 Nf6 4. Be2 g6 5. 0-0 Bg7 6. d4 cxd4 7. Nxd4 a6 8. Nf3 0-0 9. Be3 Nc6 10. Rb1 b5 11. a3 Bb7 12. Bg5 Rc8 13. Bxf6 Bxf6 14. Nd5 Bg7 15. Ne3 Ne5 16. Nxe5 Bxe5 17. Bf3 e6 18. Ng4 Bg7 19. Qe2 Qb6 20. c3 Rfd8 21. Qe3 Qxe3 22. Nxe3 f5 23. exf5 Bxf3 24. gxf3 exf5 25. Nd5 Re8 26. Rfe1 Kf7 27. Kf1 Rxe1+ 28. Rxe1 Bf8 29. Re2 Rc5 30. Nf4 Re5 31. Nd3 Rxe2 32. Kxe2 d5 33. h3 Bd6 34. Ke3 Ke6 35. Kd4 g5 36. Nb4 Bxb4 37. cxb4 f4 38. b3 Kd6 1/2-1/2

[Event "CZE-ch U20 sf"]
[Site "Frydek Mistek"]
[Date "2014.11.20"]
[Round "7"]
[White "Kuchar, Matej"]
[Black "Demko, Robert"]
[Result "1-0"]
[WhiteElo "1878"]
[BlackElo "1610"]
[PlyCount "83"]
[EventDate "2014.11.16"]
[EventType "swiss"]
[EventRounds "9"]
[EventCountry "CZE"]
[SourceTitle "CBM 163 Extra"]
[Source "ChessBase"]
[SourceDate "2014.12.23"]
[SourceVersion "1"]
[SourceVersionDate "2014.12.23"]
[SourceQuality "1"]

1. e4 c5 2. Nf3 d6 3. d4 cxd4 4. Nxd4 Nf6 5. Nc3 a6 6. Be3 e5 7. Nb3 Be6 8. f3 Be7 9. Qd2 0-0 10. 0-0-0 Nbd7 11. g4 b5 12. Kb1 Nb6 13. g5 Nh5 14. Rg1 Nc4 15. Bxc4 bxc4 16. Nc1 Rb8 17. N3e2 Qc7 18. Ka1 Qb7 19. c3 a5 20. Qc2 a4 21. a3 Qa6 22. Na2 Rfd8 23. Nb4 Qb5 24. Nd5 Bxd5 25. Rxd5 Qa6 26. Ng3 Nxg3 27. hxg3 Rb7 28. Qh2 Kf8 29. Qxh7 Ke8 30. Qxg7 Rdb8 31. Rd2 Rb5 32. g6 fxg6 33. Qxg6+ Kd7 34. Qf5+ Kc6 35. Qe6 Qb7 36. Qxc4+ Kd7 37. Qe2 Ke8 38. Rh1 Kd7 39. c4 Rb3 40. c5 Ke8 41. cxd6 Bf8 42. Bg5 1-0

[Event "CZE-ch U20 sf"]
[Site "Frydek Mistek"]
[Date "2014.11.20"]
[Round "6"]
[White "Ocko, Dominik"]
[Black "Demko, Robert"]
[Result "1/2-1/2"]
[WhiteElo "1641"]
[BlackElo "1610"]
[PlyCount "36"]
[EventDate "2014.11.16"]
[EventType "swiss"]
[EventRounds "9"]
[EventCountry "CZE"]
[SourceTitle "CBM 163 Extra"]
[Source "ChessBase"]
[SourceDate "2014.12.23"]
[SourceVersion "1"]
[SourceVersionDate "2014.12.23"]
[SourceQuality "1"]

1. d4 d5 2. Nc3 Nf6 3. Bg5 Bf5 4. e3 e6 5. Bd3 c6 6. Bxf5 exf5 7. Qd3 g6 8. Nf3 Bg7 9. 0-0 0-0 10. Nd2 Nbd7 11. f3 h6 12. Bh4 Qb6 13. Nb3 Rfe8 14. Rac1 a5 15. Na4 Qa6 16. Qxa6 Rxa6 17. Nac5 Nxc5 18. Nxc5 Ra7 1/2-1/2